WWE Champions - 2000s - Statistics

General Stats
  • This quiz has been taken 321 times
  • The average score is 39 of 44
Answer Stats
Dates of Reign Wrestler % Correct
April 3, 2005 - January 6, 2006 John Cena
96%
January 29 - June 11, 2006 John Cena
96%
September 17 - October 2, 2006 John Cena
96%
September 13 - October 4, 2009 John Cena
96%
October 25 - December 13, 2009 John Cena
96%
January 3 - April 30, 2000 Triple H
96%
May 21 - June 25, 2000 Triple H
96%
March 17 - April 21, 2002 Triple H
96%
October 7, 2007 Triple H
96%
April 27 - November 23, 2008 Triple H
96%
February 15 - April 26, 2009 Triple H
96%
April 30 - May 21, 2000 The Rock
94%
June 25 - October 22, 2000 The Rock
94%
February 25 - April 1, 2001 The Rock
94%
July 21 - August 25, 2002 The Rock
94%
October 7, 2007 Randy Orton
91%
October 7, 2007 - April 27, 2008 Randy Orton
91%
April 26 - June 7, 2009 Randy Orton
91%
June 15 - September 13, 2009 Randy Orton
91%
October 4 - 25, 2009 Randy Orton
91%
May 19 - July 21, 2002 The Undertaker
91%
January 6 - January 29, 2006 Edge
90%
July 3 - September 17, 2006 Edge
90%
November 23 - December 14, 2008 Edge
90%
January 25 - February 15, 2009 Edge
90%
April 1 - September 23, 2001 Stone Cold Steve Austin
89%
October 8 - December 9, 2001 Stone Cold Steve Austin
89%
August 25 - November 17, 2002 Brock Lesnar
88%
March 30 - July 27, 2003 Brock Lesnar
88%
September 16, 2003 - February 15, 2004 Brock Lesnar
88%
December 9, 2001 - March 17, 2002 Chris Jericho
85%
October 22, 2000 - February 25, 2001 Kurt Angle
85%
September 23 - October 8, 2001 Kurt Angle
85%
December 15, 2002 - March 30, 2003 Kurt Angle
85%
July 27 - September 16, 2003 Kurt Angle
85%
Champion on January 1, 2000 Big Show
81%
November 17 - December 15, 2002 Big Show
81%
February 15 - June 27, 2004 Eddie Guerrero
80%
June 7 - 9, 2009 Batista
79%
December 14, 2008 - January 25, 2009 Jeff Hardy
78%
June 27, 2004 - April 3, 2005 John Bradshaw Layfield
75%
June 11 - July 3, 2006 Rob Van Dam
64%
April 21 - May 19, 2002 "Hollywood" Hulk Hogan
63%
December 13, 2009 - End of Decade Sheamus
63%
No matching quizzes found
Score Distribution
Percent of People with Each Score
Percentile by Number Answered
Your Score History
You have not taken this quiz